00236nam a2200097Ia 4500100002900000654000900029245004500038260002900083082001400112546001200126 aSantacruz operation Inc  aUNIX aDevelopment system:Programmers reference bSantacruz Operation Inc. a5.43bSCO aENGLISH